000 00303nam a2200121Ia 4500
008 221007s9999 xx 000 0 und d
020 _a4925
041 _aeng
100 _aDawes C
_996833
245 _aOCA Oracle 10g Administration 1 Study Guide
260 _c2006
_bBPD Delhi
_aDelhi
906 _bGeneral
999 _c61275
_d61275